[Event "9th Sharjah Cup Women 2018"]
[Site "Sharjah"]
[Date "2018.12.17"]
[Round "6"]
[White "Cornette, Deimante"]
[Black "Bulmaga, Irina"]
[Result "0-1"]
[WhiteElo "2455"]
[BlackElo "2391"]
[Annotator "TA"]
[PlyCount "164"]
[EventDate "2018.12.14"]
[EventType "swiss"]
[EventCountry "UAE"]
[SourceTitle "playchess.com"]
[Source "ChessBase"]
[SourceQuality "1"]

{[%evp 16,164,17,18,12,12,16,16,6,4,18,21,18,13,44,50,70,62,74,40,81,34,129,38,31,41,95,110,108,82,83,80,54,59,157,153,262,233,283,200,185,82,75,44,63,50,33,0,25,22,7,-17,0,-16,-17,-7,-8,-65,0,0,0,-51,-11,-80,-67,-100,-100,-132,-132,-120,-53,-41,-37,-26,-39,-41,-50,-121,-117,-201,-20,-21,-21,-21,-16,-27,-28,-44,-37,-30,-30,-37,-41,-72,-72,-162,-160,-171,-7,-16,-22,-133,-133,-133,-133,-133,-133,-133,-133,-133,-133,-415,-415,-415,-418,-451,-414,-691,-683,-683,-683,-1821,-1625,-4714,-4714,-29971,-29972,-29973,-29974,-29973,-29973,-29976,-29976,-29977,-29978,-29977,-29978,-29978,-29979,-29979,-29980,-29980,-29981,-29981,-29981,-29983,-29984,-29983,-29983,-29983,-29984]} 1. e4 e5 2. Nf3 Nc6 3. Bc4 Nf6 4. d3 h6 5. O-O d6 6. c3 g5 {C55: Two Knights: 4 d3, 4 d4 exd4 5 e5 and Max Lange Attack} 7. Nbd2 (7. a4 Bg7 8. Re1 O-O 9. h3 d5 10. exd5 Nxd5 11. Nbd2 a6 12. Ne4 Nf4 13. a5 b5 14. axb6 cxb6 {1-0 (43) Karjakin,S (2782)-Mamedyarov,S (2808) Paris 2018}) 7... Bg7 8. Bb3 O-O 9. Nc4 {LiveBook: 7 Games} Ne7 10. Re1 $146 ({Predecessor:} 10. Bc2 Ng6 11. h3 Be6 12. Ne3 Qc8 13. Nh2 Nf4 14. Nhg4 {0-1 (32) Mohota,N (2272)-L'Ami,E (2634) Reykjavik 2018}) 10... Ng6 11. d4 exd4 12. Nxd4 Re8 13. Bc2 Bd7 14. a4 a5 15. Bd2 Qb8 16. Qb1 b6 17. Ne3 Qb7 {[%cal Rf6e4]} 18. Nef5 Bf8 (18... d5 $14) 19. Ng3 (19. h4 $1 $16) 19... c5 $14 20. Ndf5 Nh4 (20... d5 $14) 21. Nxh4 $1 $16 gxh4 22. Nf1 h3 23. c4 hxg2 24. Ng3 $1 Bg4 (24... Qc8 $14) 25. Ra3 Re6 (25... Bg7 $16) 26. Kxg2 Rae8 27. f3 Bh5 28. Rae3 (28. f4 $18 {has better winning chances.}) 28... Bg6 29. Bc3 Nh5 30. Nxh5 Bxh5 31. Kf2 Qe7 {Hoping for ...Qh4+.} 32. Rg1+ Rg6 33. Rxg6+ fxg6 34. Qg1 Bg7 $36 {[%mdl 2048] Black is pushing.} 35. Qg3 Bxc3 36. bxc3 (36. Rxc3 $11 Qf6 37. Ke1) 36... Qe6 ({Black should try} 36... Qf6 $15) 37. Rd3 $11 Rf8 {White must now prevent ...Qxe4.} 38. Re3 ({White should play} 38. Bd1 $11) 38... Rf6 39. Bd3 (39. e5 $1 $11 {remains equal.} dxe5 40. Be4) 39... Qe5 $17 40. Qxe5 dxe5 $15 {[%mdl 4096] Endgame KRB-KRB} 41. Be2 g5 42. Rd3 g4 (42... Be8 $17 43. Bd1 Bf7) 43. Kg3 gxf3 44. Bxf3 Bf7 45. Rd8+ Kg7 46. Rd7 (46. Be2 $15) 46... Kf8 $17 47. Be2 (47. Bg4 $17) 47... Ke8 $2 ({Better is} 47... Be8 $1 $19 {[%cal Re8d7]} 48. Ra7 Bc6) 48. Rb7 $11 Kd8 49. Rb8+ Kd7 50. Rb7+ Kc6 51. Re7 Kd6 52. Rb7 Be8 53. Rxb6+ Bc6 54. Ra6 Kc7 55. Ra7+ (55. Bh5 $17 {was called for.} Kb7 56. Rxa5) 55... Kb6 $19 56. Re7 Bxe4 $2 (56... Bxa4 $19 {...Bc6 is the strong threat.} 57. Rxe5 Bc6) 57. Rxe5 Bc2 58. Re8 (58. Bf3 $11 {keeps the balance.}) 58... Bxa4 $17 59. Rb8+ {[#]} Ka7 $1 {[%cal Ra7b8]} 60. Rb2 Bc6 61. Ra2 Ka6 62. Bd1 {[#]} Rd6 $1 {[%cal Rd6d1]} 63. Ba4 $2 {[%mdl 8192]} (63. Bc2 $17 {was necessary.}) 63... Bxa4 64. Rxa4 $19 {KR-KR} Rd3+ 65. Kg4 Rxc3 66. h4 (66. Kf4 $142 Rh3 67. Ke5) 66... Rb3 67. Kh5 Rb4 68. Ra2 Rxc4 69. Rh2 a4 {[%cal Ba5a4,Ba4a3][%mdl 32]} 70. Kxh6 a3 {Black mates.} 71. h5 Ra4 72. Ra2 Kb5 73. Kg5 Kb4 74. h6 Kb3 75. h7 Ra8 76. Rh2 a2 77. Rh3+ Kb4 78. Rh1 c4 {[%cal Bc5c4,Bc4c3][%mdl 32]} 79. Kf4 Kb3 80. Ke3 c3 81. Kd3 Rd8+ 82. Ke3 Kb2 {Accuracy: White = 33%, Black = 54%.} 0-1

[Event "9th Sharjah Cup Women 2018"]
[Site "Sharjah"]
[Date "2018.12.17"]
[Round "6"]
[White "Mkrtchian, Lilit"]
[Black "Gu, Xiaobing"]
[Result "1/2-1/2"]
[WhiteElo "2392"]
[BlackElo "2295"]
[Annotator "ChessBase"]
[PlyCount "62"]
[EventDate "2018.12.14"]
[EventType "swiss"]
[EventCountry "UAE"]
[SourceTitle "playchess.com"]
[Source "ChessBase"]
[SourceQuality "1"]
[TimeControl "5400+30"]

1. d4 {[%emt 0:00:00]} Nf6 {[%emt 0:00:00]} 2. c4 {[%emt 0:00:06]} g6 {[%emt 0:00:01]} 3. Nc3 {[%emt 0:00:35]} Bg7 {[%emt 0:00:18]} 4. e4 {[%emt 0:00:22]} d6 {[%emt 0:01:00]} 5. Be2 {[%emt 0:01:04]} O-O {[%emt 0:00:47]} 6. Nf3 {[%emt 0:01:08]} e5 {[%emt 0:00:42]} 7. O-O {[%emt 0:00:49]} Nc6 {[%emt 0:01:26]} 8. d5 {[%emt 0:00:55]} Ne7 {[%emt 0:00:05]} 9. b4 {[%emt 0:00:47]} Nh5 {[%emt 0:02:05]} 10. Re1 {[%emt 0:02:00]} f5 {[%emt 0:00:18]} 11. Ng5 {[%emt 0:00:49]} Nf6 {[%emt 0:00:15]} 12. Bf3 {[%emt 0:00:34]} c6 {[%emt 0:01:29]} 13. b5 {[%emt 0:01:23]} h6 {[%emt 0:04:10]} 14. Ne6 {[%emt 0:01:19]} Bxe6 {[%emt 0:00:07]} 15. dxe6 {[%emt 0:00:05]} fxe4 {[%emt 0:00:32]} 16. Nxe4 {[%emt 0:00:53]} Nxe4 {[%emt 0:03:54]} 17. Bxe4 {[%emt 0:00:21]} d5 {[%emt 0:01:37]} 18. cxd5 {[%emt 0:03:02]} cxd5 {[%emt 0:00:10]} 19. Ba3 {[%emt 0:00:32]} dxe4 {[%emt 0:00:25]} 20. Qxd8 {[%emt 0:01:00]} Rfxd8 {[%emt 0:00:05]} 21. Bxe7 {[%emt 0:00:11]} Re8 {[%emt 0:00:09]} 22. Bc5 {[%emt 0:01:14]} Rxe6 {[%emt 0:00:12]} 23. Rxe4 {[%emt 0:00:19]} a6 {[%emt 0:01:00]} 24. bxa6 {[%emt 0:00:45]} Rexa6 {[%emt 0:00:06]} 25. a3 {[%emt 0:00:36]} Bf8 {[%emt 0:01:17]} 26. Bxf8 {[%emt 0:00:29]} Kxf8 {[%emt 0:00:06]} 27. Rxe5 {[%emt 0:00:10]} Rxa3 {[%emt 0:00:09]} 28. Rxa3 {[%emt 0:00:15]} Rxa3 {[%emt 0:00:06]} 29. h4 {[%emt 0:00:09]} Rb3 {[%emt 0:00:12]} 30. h5 {[%emt 0:00:10]} Kf7 {[%emt 0:00:11]} 31. hxg6+ {[%emt 0:00:06]} Kxg6 {[%emt 0:00:05]} 1/2-1/2

[Event "9th Sharjah Cup Women 2018"]
[Site "Sharjah"]
[Date "2018.12.17"]
[Round "6"]
[White "Khukhashvili, Sopiko"]
[Black "Drljevic, Ljilja"]
[Result "1-0"]
[WhiteElo "2338"]
[BlackElo "2208"]
[Annotator "NA"]
[PlyCount "80"]
[EventDate "2018.12.14"]
[EventType "swiss"]
[EventCountry "UAE"]
[SourceTitle "playchess.com"]
[Source "ChessBase"]
[SourceQuality "1"]
[TimeControl "5400+30"]

1. e4 {[%emt 0:00:00]} g6 {[%emt 0:00:00]} 2. d4 {[%emt 0:00:00]} Bg7 {[%emt 0:00:00]} 3. Be3 {[%emt 0:00:00]} d6 {[%emt 0:00:00]} 4. Nc3 {[%emt 0:00:00]} a6 {[%emt 0:00:40]} 5. Qd2 {[%emt 0:00:11]} b5 {[%emt 0:00:46]} 6. f3 {[%emt 0:00:09]} Nd7 {[%emt 0:00:34]} 7. h4 {[%emt 0:00:04]} h6 {[%emt 0:00:13] B06: Modern Defence} (7... h5 8. Nh3 Bb7 9. Ng5 e6 10. O-O-O Qe7 11. Ne2 Ngf6 12. Nf4 e5 13. dxe5 Nxe5 14. Kb1 Rb8 15. Be2 O-O 16. Ba7 Rbd8 {1-0 (37) Sjugirov,S (2654)-Chigaev,M (2599) Sochi 2018}) 8. O-O-O {[%emt 0:03:41]} Bb7 {[%emt 0:00:37]} 9. d5 {[%emt 0:01:36]} c5 {[%emt 0:02:58] LiveBook: 3 Games} (9... h5 $11) 10. dxc6 $1 {[%emt 0:00:54]} Bxc6 {[%emt 0:00:03]} 11. Nd5 $146 {[%emt 0:00:30]} ({Predecessor:} 11. Bd4 Bxd4 12. Qxd4 Ngf6 13. g4 Qb6 14. Nge2 Rc8 15. a3 Bb7 {½-½ (15) Gulbas,C (2377)-Yilmazyerli,M (2450) Kocaeli 2015}) 11... Ngf6 {[%emt 0:04:42]} 12. Nxf6+ {[%emt 0:02:15]} Nxf6 {[%emt 0:00:15]} 13. Ne2 {[%emt 0:00:17]} Qc7 {[%emt 0:06:27]} 14. Nd4 {[%emt 0:00:55]} Bb7 {[%emt 0:01:31]} 15. Nb3 {[%emt 0:09:57]} Rc8 {[%emt 0:04:41]} 16. Bd3 {[%emt 0:03:03]} Nd7 {[%emt 0:09:11]} 17. Kb1 {[%emt 0:06:48]} e6 {[%emt 0:09:45]} (17... h5 $11) 18. Rhe1 {[%emt 0:04:59]} Nc5 {[%emt 0:14:34]} 19. Nxc5 {[%emt 0:10:09]} dxc5 {[%emt 0:00:04]} 20. c4 $16 {[%emt 0:00:07]} Ke7 {[%emt 0:07:19]} 21. Bf4 {[%emt 0:06:19]} e5 {[%emt 0:05:56]} 22. Be3 {[%emt 0:00:12]} Rhd8 {[%emt 0:00:26]} 23. Qc1 {[%emt 0:00:32]} Qa5 {[%emt 0:02:51]} 24. Bd2 {[%emt 0:02:01]} b4 {[%emt 0:00:40]} 25. Bc2 {[%emt 0:01:53]} h5 {[%emt 0:17:46]} 26. Bg5+ {[%emt 0:01:58]} f6 {[%emt 0:00:08]} 27. Bh6 {[%emt 0:00:40]} Bh8 {[%emt 0:04:28]} 28. Be3 {[%emt 0:00:33]} Qb6 {[%emt 0:00:59]} 29. g4 {[%emt 0:00:39]} Bc6 {[%emt 0:01:54]} 30. gxh5 {[%emt 0:02:12]} gxh5 {[%emt 0:00:02]} 31. f4 {[%emt 0:00:32]} a5 {[%emt 0:04:32]} 32. fxe5 {[%emt 0:00:53]} a4 {[%emt 0:00:35]} 33. exf6+ {[%emt 0:00:52]} Ke6 {[%emt 0:00:20]} 34. Bd3 {[%emt 0:02:01]} Bxf6 {[%emt 0:01:22]} 35. Bg5 {[%emt 0:00:20]} Rf8 {[%emt 0:00:34]} 36. e5 {[%emt 0:00:29]} Bg7 {[%emt 0:00:35]} 37. Bg6 {[%emt 0:00:10]} Rcd8 {[%emt 0:00:27]} 38. Bxd8 {[%emt 0:00:58]} Rxd8 {[%emt 0:00:01]} 39. Rd6+ {[%emt 0:00:53]} Rxd6 {[%emt 0:00:55]} 40. exd6+ {[%emt 0:00:02]} Kxd6 1-0

[Event "9th Sharjah Cup Women 2018"]
[Site "Sharjah"]
[Date "2018.12.17"]
[Round "6"]
[White "Gevorgyan, Irina"]
[Black "Mezioud, Amina"]
[Result "1/2-1/2"]
[WhiteElo "2301"]
[BlackElo "2065"]
[Annotator "NA"]
[PlyCount "88"]
[EventDate "2018.12.14"]
[EventType "swiss"]
[EventCountry "UAE"]
[SourceTitle "playchess.com"]
[Source "ChessBase"]
[SourceQuality "1"]
[TimeControl "5400+30"]

1. Nf3 {[%emt 0:00:00]} Nc6 {[%emt 0:00:12]} 2. d4 {[%emt 0:00:08]} d5 {[%emt 0:00:04]} 3. Bf4 {[%emt 0:00:51]} e6 {[%emt 0:00:39]} 4. e3 {[%emt 0:01:05]} Bd6 {[%emt 0:03:08] LiveBook: 13 Games} 5. Bd3 {[%emt 0:03:28] D02: 1 d4 d5 2 Nf3 sidelines, including 2...Nf6 3 g3 and 2...Nf6 3 Bf4} (5. Bg3 Nge7 6. Bd3 Nb4 7. Bb5+ Bd7 8. Be2 Nf5 9. Bxd6 cxd6 10. O-O O-O 11. b3 Rc8 12. c4 dxc4 13. bxc4 {1-0 (43) Salinas Herrera,P (2470)-Rodriguez Vila,A (2487) Buenos Aires 2018}) 5... Nge7 {[%emt 0:06:20]} 6. c3 {[%emt 0:01:57]} Ng6 {[%emt 0:00:40]} 7. Bg3 {[%emt 0:00:09]} Nce7 {[%emt 0:01:26]} 8. Nbd2 {[%emt 0:01:28]} Nf5 $146 {[%emt 0:02:42]} ({Predecessor:} 8... h5 9. Qc2 h4 10. Be5 Bxe5 11. Nxe5 Nxe5 12. dxe5 {½-½ (37) Massekhin,M-Hoeschele,H (2174) Ditzingen 2009}) 9. Bxf5 {[%emt 0:28:15]} exf5 {[%emt 0:00:18]} 10. Bxd6 {[%emt 0:00:25]} Qxd6 {[%emt 0:00:08]} 11. O-O {[%emt 0:00:50]} O-O {[%emt 0:00:26]} 12. Qb3 {[%emt 0:04:19]} Be6 {[%emt 0:05:04]} 13. Qb4 {[%emt 0:12:54]} Qxb4 {[%emt 0:09:59]} 14. cxb4 {[%emt 0:00:07]} f4 {[%emt 0:00:26]} 15. Rac1 {[%emt 0:04:48]} c6 {[%emt 0:00:07]} 16. Nb3 {[%emt 0:00:08]} Bg4 {[%emt 0:01:35]} 17. Nfd2 {[%emt 0:01:07]} Rfe8 {[%emt 0:02:10]} 18. Rfe1 {[%emt 0:00:27]} fxe3 {[%emt 0:00:21]} 19. fxe3 {[%emt 0:00:41]} Re7 {[%emt 0:01:12]} 20. Kf2 {[%emt 0:01:17]} Rae8 $11 {[%emt 0:00:54]} 21. a4 {[%emt 0:03:21]} Bc8 {[%emt 0:05:33]} 22. Rc3 {[%emt 0:04:56]} Nh4 {[%emt 0:01:06]} 23. b5 {[%emt 0:04:22]} cxb5 {[%emt 0:05:18]} 24. axb5 {[%emt 0:00:13]} b6 {[%emt 0:01:37]} 25. e4 {[%emt 0:02:04]} Bd7 {[%emt 0:06:29]} 26. Rce3 {[%emt 0:05:21]} Bxb5 {[%emt 0:00:54]} 27. g3 {[%emt 0:00:16]} Ng6 {[%emt 0:00:12]} 28. exd5 {[%emt 0:00:27]} Rxe3 {[%emt 0:00:18]} 29. Rxe3 {[%emt 0:00:07]} Rd8 {[%emt 0:00:44]} 30. Rc3 {[%emt 0:03:32]} Rxd5 {[%emt 0:02:06]} 31. Rc7 {[%emt 0:01:05]} a5 {[%emt 0:02:21]} 32. Rc8+ {[%emt 0:00:53]} Nf8 {[%emt 0:00:03]} 33. Nf3 {[%emt 0:00:12]} f6 {[%emt 0:01:04]} 34. Rb8 {[%emt 0:00:34]} a4 {[%emt 0:01:13]} 35. Nbd2 {[%emt 0:01:36]} Rd6 {[%emt 0:01:09]} 36. Ne4 {[%emt 0:02:02]} Re6 {[%emt 0:02:41]} 37. Nc3 {[%emt 0:00:09]} Bd7 {[%emt 0:00:05]} 38. d5 {[%emt 0:00:15]} Rd6 {[%emt 0:00:32]} 39. Nd2 {[%emt 0:01:05]} f5 {[%emt 0:02:52]} 40. Nc4 {[%emt 0:00:09]} Rh6 {[%emt 0:01:03]} 41. Ne5 {[%emt 0:05:31]} Rd6 {[%emt 0:00:06]} 42. Nxd7 {[%emt 0:01:24]} Rxd7 {[%emt 0:00:05]} 43. Rxb6 {[%emt 0:00:05]} Ra7 {[%emt 0:00:32]} 44. Nb5 {[%emt 0:01:08]} Nd7 {[%emt 0:04:14]} 1/2-1/2

[Event "9th Sharjah Cup Women 2018"]
[Site "Sharjah"]
[Date "2018.12.17"]
[Round "6"]
[White "Velikic, Adela"]
[Black "Szczepkowska, Karina"]
[Result "1/2-1/2"]
[WhiteElo "2298"]
[BlackElo "2408"]
[Annotator "TA"]
[PlyCount "66"]
[EventDate "2018.12.14"]
[EventType "swiss"]
[EventCountry "UAE"]
[SourceTitle "playchess.com"]
[Source "ChessBase"]
[SourceQuality "1"]

{[%evp 19,66,35,36,38,33,25,25,0,23,9,24,7,2,0,16,7,16,0,0,0,20,-27,-20,0,74,4,10,0,60,-53,0,-138,0,-11,0,-2,0,0,0,0,0,0,0,0,0,0,0,0,-8]} 1. d4 Nf6 2. Nf3 e6 3. c4 a6 4. Nc3 d5 5. cxd5 exd5 6. Bg5 {D37: Queen's Gambit Declined: 5 Bf4} Be6 7. e3 Nbd7 8. Bd3 h6 9. Bh4 g5 10. Bg3 Nh5 {LiveBook: 66 Games} 11. Be5 Ng7 12. h3 Nxe5 13. dxe5 $146 ({Predecessor:} 13. Nxe5 c6 {0-1 (42) Bluebaum,M (2643)-Vitiugov,N (2728) Heraklio 2017}) 13... c5 14. Bc2 Qd7 15. Qe2 {next 0-0-0 is good for White.} O-O-O 16. Rd1 $36 {[%mdl 2048] White fights for an advantage.} Qc7 17. O-O Be7 18. e4 $1 {[%cal Re4d5]} dxe4 $1 19. Bxe4 h5 20. Nd5 (20. Qe3 {keeps more tension.} g4 21. Ng5 Kb8 22. Nxe6 fxe6 23. hxg4 hxg4 24. Rxd8+ Bxd8 25. Qf4) 20... Bxd5 $1 21. Bxd5 Ne6 {[#]} (21... g4 $11 {remains equal.}) 22. Bxe6+ (22. Qe4 $1 $16) 22... fxe6 $11 23. Rxd8+ Rxd8 (23... Qxd8 $11 24. Rd1 Qg8) 24. Rc1 ({Better is} 24. Qe4 $1 $14) 24... Kb8 (24... Qd7 $15) 25. b4 (25. Qe4 $11) 25... Rd5 ({Black should play} 25... g4 $17 26. hxg4 hxg4) 26. Qe4 {The position is equal.} Qd7 27. bxc5 Bxc5 28. g3 {[#]} g4 $1 {[%mdl 512]} 29. hxg4 hxg4 30. Qxg4 Rd1+ 31. Rxd1 Qxd1+ 32. Kg2 {aiming for Qc4.} Qe2 33. a4 Qxf2+ {Precision: White = 52%, Black = 49%.} ({But not} 33... Bxf2 34. Nh2 $17) 1/2-1/2

[Event "9th Sharjah Cup Women 2018"]
[Site "Sharjah"]
[Date "2018.12.17"]
[Round "6"]
[White "Zozulia, Anna"]
[Black "Al Ali, Aisha Saif"]
[Result "1-0"]
[WhiteElo "2270"]
[BlackElo "1401"]
[Annotator "NA"]
[PlyCount "81"]
[EventDate "2018.12.14"]
[EventType "swiss"]
[EventCountry "UAE"]
[SourceTitle "playchess.com"]
[Source "ChessBase"]
[SourceQuality "1"]
[TimeControl "5400+30"]

1. e4 {[%emt 0:00:00]} c5 {[%emt 0:00:00]} 2. Nf3 {[%emt 0:00:00]} e6 {[%emt 0:00:35]} 3. d4 {[%emt 0:00:00]} cxd4 {[%emt 0:00:11]} 4. Nxd4 {[%emt 0:00:04]} Nf6 {[%emt 0:00:25]} 5. Bd3 {[%emt 0:00:18]} Nc6 {[%emt 0:01:27]} 6. Nxc6 {[%emt 0:13:46]} dxc6 {[%emt 0:02:41]} 7. Nd2 {[%emt 0:03:20]} e5 {[%emt 0:01:42]} 8. Nc4 {[%emt 0:00:53] LiveBook: 11 Games} Qc7 {[%emt 0:01:32]} 9. O-O {[%emt 0:02:33]} b5 {[%emt 0:10:38]} 10. Ne3 {[%emt 0:01:14]} Bd6 {[%emt 0:05:19]} 11. a4 {[%emt 0:00:35]} Bd7 {[%emt 0:00:39]} 12. Qf3 {[%emt 0:06:10]} O-O {[%emt 0:05:36]} 13. Nf5 {[%emt 0:08:21]} Bxf5 $14 {[%emt 0:06:14]} 14. Qxf5 {[%emt 0:00:59]} a6 {[%emt 0:00:22]} 15. Be3 {[%emt 0:05:35]} Qd7 {[%emt 0:01:31]} 16. Qxd7 {[%emt 0:15:49]} Nxd7 {[%emt 0:01:33]} 17. Rfd1 {[%emt 0:00:03]} Nc5 {[%emt 0:10:46]} 18. Bxb5 {[%emt 0:04:29]} cxb5 {[%emt 0:01:24]} 19. Rxd6 {[%emt 0:00:08]} Nxe4 {[%emt 0:00:20]} 20. Rd5 {[%emt 0:00:16]} bxa4 {[%emt 0:27:10]} 21. Rxa4 {[%emt 0:04:41]} Nf6 {[%emt 0:05:09]} 22. Rxe5 {[%emt 0:00:30]} Rfd8 {[%emt 0:01:02]} 23. f3 {[%emt 0:04:24]} Nd5 {[%emt 0:05:08]} 24. Rd4 {[%emt 0:03:11]} Nxe3 {[%emt 0:02:50]} 25. Rxd8+ {[%emt 0:00:03]} Rxd8 {[%emt 0:00:11]} 26. Rxe3 {[%emt 0:00:03]} Kf8 {[%emt 0:00:22]} 27. Kf2 {[%emt 0:01:17]} Rd6 {[%emt 0:02:39]} 28. Re2 {[%emt 0:05:39]} f6 {[%emt 0:02:38]} 29. Ke1 {[%emt 0:01:05]} Kf7 {[%emt 0:00:19]} 30. Rd2 {[%emt 0:00:09]} Re6+ {[%emt 0:00:29]} 31. Kd1 {[%emt 0:00:11]} Ke7 {[%emt 0:00:08]} 32. Re2 {[%emt 0:00:07]} Rxe2 {[%emt 0:00:24]} 33. Kxe2 {[%emt 0:00:04]} Kd6 {[%emt 0:00:11]} 34. b4 {[%emt 0:00:31]} Kc6 {[%emt 0:00:28]} 35. c4 {[%emt 0:00:25]} Kb6 {[%emt 0:00:19]} 36. Kd3 {[%emt 0:00:04]} a5 {[%emt 0:00:31]} 37. bxa5+ {[%emt 0:00:16]} Kxa5 {[%emt 0:00:07]} 38. Kd4 {[%emt 0:00:02]} Kb6 {[%emt 0:00:09]} 39. Kd5 {[%emt 0:00:04]} Kc7 {[%emt 0:00:08]} 40. Ke6 {[%emt 0:00:22]} Kc6 {[%emt 0:00:17]} 41. Kf7 {[%emt 0:00:04]} 1-0

[Event "9th Sharjah Cup Women 2018"]
[Site "Sharjah"]
[Date "2018.12.17"]
[Round "6"]
[White "Kiolbasa, Oliwia"]
[Black "Novikova, Margarita"]
[Result "1/2-1/2"]
[WhiteElo "2244"]
[BlackElo "2017"]
[Annotator "NA"]
[PlyCount "76"]
[EventDate "2018.12.14"]
[EventType "swiss"]
[EventCountry "UAE"]
[SourceTitle "playchess.com"]
[Source "ChessBase"]
[SourceQuality "1"]
[TimeControl "5400+30"]

1. e4 {[%emt 0:00:00]} e5 {[%emt 0:00:00]} 2. Nf3 {[%emt 0:00:00]} Nc6 {[%emt 0:00:00]} 3. Bb5 {[%emt 0:00:00]} a6 {[%emt 0:00:00]} 4. Ba4 {[%emt 0:00:12]} Nf6 {[%emt 0:00:00]} 5. O-O {[%emt 0:00:25]} b5 {[%emt 0:01:03]} 6. Bb3 {[%emt 0:00:08]} Be7 {[%emt 0:00:08]} 7. Re1 {[%emt 0:00:26]} d6 {[%emt 0:00:53]} 8. c3 {[%emt 0:00:16]} Bg4 {[%emt 0:07:44]} 9. d3 {[%emt 0:08:55]} O-O {[%emt 0:09:07]} 10. h3 {[%emt 0:00:10]} Bh5 {[%emt 0:07:11]} 11. Nbd2 {[%emt 0:00:16]} Na5 {[%emt 0:01:05]} 12. Bc2 {[%emt 0:00:16]} c5 {[%emt 0:00:57]} 13. Nf1 {[%emt 0:00:16] LiveBook: 28 Games} Qc7 {[%emt 0:07:16]} 14. g4 {[%emt 0:04:19]} Bg6 {[%emt 0:02:41]} 15. Ng3 {[%emt 0:00:13]} Qd7 {[%emt 0:05:04]} 16. Nh4 {[%emt 0:11:00]} d5 $14 {[%emt 0:04:38]} 17. Ngf5 {[%emt 0:06:11]} dxe4 {[%emt 0:06:24]} 18. dxe4 {[%emt 0:01:35]} Bxf5 {[%emt 0:05:06]} 19. Nxf5 {[%emt 0:00:20]} Qc7 {[%emt 0:10:28]} 20. Nxe7+ {[%emt 0:07:33]} Qxe7 {[%emt 0:00:02]} 21. Qf3 {[%emt 0:00:10]} Ne8 {[%emt 0:04:36]} 22. Rd1 {[%emt 0:05:10]} Nc7 {[%emt 0:07:59]} 23. Qf5 {[%emt 0:05:58]} Rad8 {[%emt 0:01:25]} 24. Bg5 {[%emt 0:02:22]} f6 {[%emt 0:00:56]} 25. Be3 {[%emt 0:00:15]} Nb7 {[%emt 0:03:34]} 26. a4 {[%emt 0:01:58]} Rxd1+ {[%emt 0:01:16]} 27. Rxd1 {[%emt 0:03:17]} Rd8 {[%emt 0:01:28]} 28. axb5 {[%emt 0:03:40]} axb5 {[%emt 0:05:20]} 29. Rxd8+ {[%emt 0:02:12]} Qxd8 {[%emt 0:00:38]} 30. g5 {[%emt 0:00:46]} Kh8 {[%emt 0:05:45]} 31. gxf6 {[%emt 0:02:46]} gxf6 {[%emt 0:00:09]} 32. Kh2 {[%emt 0:00:10]} Ne8 {[%emt 0:01:13]} 33. Bh6 {[%emt 0:01:50]} Nbd6 {[%emt 0:01:00]} 34. Qe6 {[%emt 0:01:04]} Nc7 {[%emt 0:00:45]} 35. Qg4 {[%emt 0:01:55]} Nce8 {[%emt 0:00:45]} 36. Be3 {[%emt 0:01:12]} c4 {[%emt 0:00:14]} 37. f4 {[%emt 0:19:12]} Qe7 {[%emt 0:00:01]} 38. fxe5 {[%emt 0:01:42]} fxe5 {[%emt 0:00:15]} 1/2-1/2

[Event "9th Sharjah Cup Women 2018"]
[Site "Sharjah"]
[Date "2018.12.17"]
[Round "6"]
[White "Stetsko, Lanita"]
[Black "Samaganova, Alexandra"]
[Result "1-0"]
[WhiteElo "2194"]
[BlackElo "2038"]
[Annotator "NA"]
[PlyCount "65"]
[EventDate "2018.12.14"]
[EventType "swiss"]
[EventCountry "UAE"]
[SourceTitle "playchess.com"]
[Source "ChessBase"]
[SourceQuality "1"]
[TimeControl "5400+30"]

1. e4 {[%emt 0:00:00]} c5 {[%emt 0:00:00]} 2. Nf3 {[%emt 0:00:00]} e6 {[%emt 0:00:00]} 3. d4 {[%emt 0:00:00]} cxd4 {[%emt 0:00:02]} 4. Nxd4 {[%emt 0:00:00]} a6 {[%emt 0:00:38]} 5. Nc3 {[%emt 0:00:00]} Qc7 {[%emt 0:00:23]} 6. Bd3 {[%emt 0:00:17]} Nf6 {[%emt 0:00:51]} 7. O-O {[%emt 0:00:20]} Be7 {[%emt 0:00:47]} 8. Kh1 {[%emt 0:00:33]} O-O {[%emt 0:05:33]} 9. f4 {[%emt 0:02:17]} d6 {[%emt 0:00:49]} 10. Qe2 {[%emt 0:00:56]} Nbd7 {[%emt 0:02:55]} 11. Bd2 {[%emt 0:00:16]} b5 {[%emt 0:18:58]} 12. Rae1 {[%emt 0:00:34]} b4 {[%emt 0:10:03] LiveBook: 3 Games} 13. Nd1 {[%emt 0:02:24]} Qb6 $11 {[%emt 0:04:33]} 14. Be3 {[%emt 0:09:52]} Nc5 {[%emt 0:11:05]} 15. e5 {[%emt 0:03:55]} Nd5 {[%emt 0:02:54]} 16. Bg1 {[%emt 0:03:48]} g6 {[%emt 0:06:53]} 17. f5 {[%emt 0:13:42]} dxe5 {[%emt 0:06:37]} 18. fxe6 {[%emt 0:04:34]} Bxe6 {[%emt 0:06:25]} 19. Nxe6 {[%emt 0:01:29]} Qxe6 {[%emt 0:05:06]} 20. Bc4 {[%emt 0:00:36]} Nd7 {[%emt 0:08:54]} 21. Ne3 {[%emt 0:00:58]} N7b6 {[%emt 0:01:20]} 22. Nxd5 {[%emt 0:00:24]} Nxd5 {[%emt 0:00:17]} 23. Qxe5 {[%emt 0:00:21]} Rad8 {[%emt 0:04:19]} 24. Qg3 {[%emt 0:01:00]} Bd6 {[%emt 0:02:06]} 25. Qg5 {[%emt 0:00:21]} Be7 {[%emt 0:00:31]} 26. Rxe6 {[%emt 0:01:11]} Bxg5 {[%emt 0:00:15]} 27. Re5 {[%emt 0:00:04]} Bf6 {[%emt 0:00:43]} 28. Rxd5 {[%emt 0:00:09]} Rxd5 {[%emt 0:00:27]} 29. Bxd5 {[%emt 0:00:01]} Bxb2 {[%emt 0:00:10]} 30. Bb3 {[%emt 0:00:32]} Kg7 {[%emt 0:00:44]} 31. Bc5 {[%emt 0:00:06]} Rb8 {[%emt 0:00:18]} 32. Rxf7+ {[%emt 0:00:06]} Kh8 {[%emt 0:00:20]} 33. Rf8+ {[%emt 0:00:41]} 1-0